Statistics for Rio Olympics - Medal Winning Countries

Click here to take the quiz!

General Stats

  • This quiz has been taken 487 times
  • The average score is 61 of 86

Answer Stats

Country% Correct
United States
98%
Brazil
94%
Australia
94%
China
92%
Argentina
91%
Russia
91%
Germany
91%
France
91%
Canada
90%
Japan
90%
Sweden
90%
Spain
89%
Norway
88%
South Africa
88%
Portugal
87%
Austria
87%
South Korea
86%
Italy
86%
New Zealand
86%
India
86%
Mexico
86%
Finland
85%
Kenya
84%
Belgium
84%
Denmark
83%
Greece
83%
Netherlands
82%
Jamaica
82%
Poland
81%
Ukraine
81%
Egypt
80%
Switzerland
80%
Ireland
80%
Turkey
79%
Hungary
78%
Iran
78%
Serbia
77%
Ethiopia
77%
Indonesia
77%
Algeria
75%
Romania
75%
Cuba
75%
Croatia
75%
Colombia
74%
Slovakia
74%
Slovenia
73%
North Korea
73%
Thailand
72%
Czech Republic
71%
Vietnam
70%
Estonia
70%
Bulgaria
70%
Belarus
69%
Venezuela
69%
Niger
68%
Great Britain
68%
Lithuania
67%
Nigeria
65%
Israel
65%
Morocco
64%
Armenia
64%
Kazakhstan
63%
Malaysia
62%
Fiji
61%
Azerbaijan
61%
Bahamas
58%
Uzbekistan
58%
Mongolia
56%
Singapore
55%
Chinese Taipei
55%
Georgia
54%
Tunisia
54%
United Arab Emirates
54%
Qatar
50%
Kosovo
49%
Philippines
47%
Tajikistan
47%
Moldova
46%
Trinidad and Tobago
45%
Jordan
45%
Dominican Republic
42%
Bahrain
40%
Cote d'Ivoire
34%
Grenada
29%
Puerto Rico
22%
Burundi
20%

Score Distribution

Percentile by Number Answered

Percent of People with Each Score

Your Score History

You have not taken this quiz